Sports Quiz

Random Sports or WWE Quiz

WWE Big 4 PPV Opponents of Eddie Guerrero Quiz Stats

 Plays Quiz not verified by Sporcle

Challenge
Share
Tweet
Embed
Score 0/35 Timer 07:00
0 Plays Today
% Correct
Rey Mysterio
96.2%
Rey Mysterio
96.2%
Rey Mysterio
96.2%
Chris Benoit
95.6%
Chris Benoit
95.6%
Chris Benoit
95.6%
Royal Rumble won by Brock Lesnar (Eddie eliminated by Booker T)
94.4%
Kurt Angle
94%
Kurt Angle
94%
Kurt Angle
94%
Kurt Angle
94%
Royal Rumble won by Batista (Eddie eliminated by Edge)
93.3%
Edge
88.9%
Edge
88.9%
Chavo Guerrero
82.9%
Chyna
78%
Chyna
76%
Shelton Benjamin
73.6%
% Correct
Billy Gunn
72.8%
Road Dogg
72.6%
Test
71.6%
Charlie Haas
71.4%
Rhyno
65.3%
Rhyno
65.3%
Scotty 2 Hotty
61.5%
K-Kwik
61.3%
Grand Master Sexay
61.1%
Tajiri
57.7%
Luther Reigns
53.8%
Val Venis
53.4%
Mark Jindrak
52.8%
Carlito
51.8%
Doug Basham
49.4%
Danny Basham
49.4%
Trish Stratus
42.7%

You're not logged in!

Compare scores with friends on all Sporcle quizzes.
Join for Free
OR
Log In

You Might Also Like...

Show Comments

Extras

Top Quizzes Today


Score Distribution

Your Account Isn't Verified!

In order to create a playlist on Sporcle, you need to verify the email address you used during registration. Go to your Sporcle Settings to finish the process.

Report this User

Report this user for behavior that violates our Community Guidelines.

Details: